Linear Algebra : An Introduction to Abstract Mathematics

Saved in:
Bibliographic Details
Main Author: Valenza, Robert J. 1951-
Format: Book
Language:English
Published: New York : Springer-Verlag, c1993
Series:Undergraduate texts in mathematics
Subjects:
Tags: Add Tag
No Tags, Be the first to tag this record!

MARC

LEADER 00000cam a2200000 i 4500
001 1/31381
008 941103s1993 eng d
020 |a 0387940995 
035 |l 10038813 
035 |a 1993 
040 |a GR-MY-UA  |b gre  |e aacr 
041 0 |a eng 
082 0 |a 512.5  |2 (20) 
100 1 |a Valenza, Robert J.  |d 1951- 
245 1 0 |a Linear Algebra :  |b An Introduction to Abstract Mathematics /  |c Robert J. Valenza 
260 |a New York :   |b Springer-Verlag,   |c c1993 
300 |a xviii, 236 p.;  |c 24 cm 
490 1 |a Undergraduate texts in mathematics 
504 |a Includes bibliographical references and index 
650 0 0 |a Algebras, Linear. 
830 0 |a Undergraduate texts in mathematics 
852 |a INST  |b SAMOS  |e 19941103  |h 512.5 VAL  |p 005300003587  |q 005300003587  |t BK  |y 0 
909 |a Σ  |b 030764